000
00317nam a22001337a 4500
008
170527b xxu||||| |||| 00| 0 eng d
020
_a
1567000304
041
_a
eng
080
_a
624
100
_a
27
101
_a
IM
245
_a
FLECIBLE AUTOMATION AND INTELLEGENT MANUFACTURING
_c
SCHRAFT, R.D
942
_2
udc
_c
BK
999
_c
14674
_d
14674